header

Information sellers and resellers (Record no. 62235)

MARC details
000 -LEADER
fixed length control field 01518nam a2200361 a 4500
245 00 - TITLE STATEMENT
Title Information sellers and resellers
260 ## - PUBLICATION, DISTRIBUTION, ETC. (IMPRINT)
Place of publication New York :
Name of publisher Nova Science Publishers, Inc.,
Year of publication 2009.
300 ## - PHYSICAL DESCRIPTION
Number of Pages viii, 156 p. :
Other physical details ill.
490 1# - SERIES STATEMENT
Series statement Financial institutions and services series
650 #0 - SUBJECT ADDED ENTRY--TOPICAL TERM
Topical Term Data protection
Topical Term Information services
Topical Term Records
Topical Term Financial institutions
700 1# - ADDED ENTRY--PERSONAL NAME
Personal name Leger, Shane C.
856 40 - ELECTRONIC LOCATION AND ACCESS
Uniform Resource Identifier http://site.ebrary.com/lib/rucke/Doc?id=10671025

No items available.

© 2026 Rongo University
Contact us: librarian | system librarian | Rongo university